000 00580nam a2200157 i 4500
001 36180
003 ES-MaACL
005 20230906155323.0
007 t|
008 030217s1930 ve ||||1| spa d
100 1 _aBriceño Irigorry, Mario.
_931684
245 1 3 _aEl conquistador español
_b: los fundadores de Nuestra Señora de la Paz en Trujillo : discurso de recepción como individuo de número de la Academia Nacional de la Historia /
_cpor Mario Briceño Yragorri.
260 _aCaracas :
_bParra León,
_c1930.
300 _a216 p. ;
_c22 cm.
852 _aES-MaACL
_jB-3506
999 _c36180
_d36180